Statystyki dla Miasta powiatowe w województwie Dolnośląskim.

Kliknij tutaj aby rozwiązać quiz!

Ogólne statystyki

  • Ten quiz został rozwiązany 114 razy
  • Średni wynik to 19 z 26

Statystyki odpowiedzi

#LudnośćMiasto% Poprawnych
1.643,782Wrocław
100%
3.99,072Legnica
96%
2.110,603Wałbrzych
95%
4.78,778Jelenia Góra
92%
5.72,142Lubin
89%
8.38,717Bolesławiec
81%
6.66,627Głogów
80%
13.26,574Kłodzko
79%
12.30,047Zgorzelec
79%
11.33,075Dzierżoniów
78%
9.37,109Oleśnica
76%
17.18,728Kamienna Góra
74%
7.56,564Świdnica
73%
10.33,172Oława
72%
15.22,460Polkowice
69%
20.13,367Trzebnica
68%
24.11,276Milicz
67%
25.9,545Środa Śląska
65%
18.15,395Złotoryja
65%
23.11,636Góra
59%
22.12,333Wołów
59%
14.22,615Jawor
58%
21.12,429Strzelin
58%
19.14,864Ząbkowice Śląskie
52%
16.20,879Lubań
48%
26.8,807Lwówek Śląski
47%

Rozkład punktacji

Percentyl według liczby udzielonych odpowiedzi

Procent ludzi z każdym wynikiem

Twoja historia wyników

Nie rozwiązałeś tego quizu